Folklore Of Rajasthan (Record no. 14931)
[ view plain ]
| 000 -LEADER | |
|---|---|
| fixed length control field | 004640000a22001930004500 |
| 001 - CONTROL NUMBER | |
| control field | 003025 |
| 003 - CONTROL NUMBER IDENTIFIER | |
| control field | MACL |
| 005 - DATE AND TIME OF LATEST TRANSACTION | |
| control field | 20150813155108.0 |
| 008 - FIXED-LENGTH DATA ELEMENTS--GENERAL INFORMATION | |
| fixed length control field | 150813b xxu||||| |||| 00| 0 eng d |
| 040 ## - CATALOGING SOURCE | |
| Original cataloging agency | MACL |
| Transcribing agency | MACL |
| 041 ## - LANGUAGE CODE | |
| Language code of text/sound track or separate title | English |
| 082 ## - DEWEY DECIMAL CLASSIFICATION NUMBER | |
| Classification number | 398.095/MAT |
| 100 ## - MAIN ENTRY--PERSONAL NAME | |
| Personal name | Mathur, G.L. |
| 9 (RLIN) | 5369 |
| 245 ## - TITLE STATEMENT | |
| Title | Folklore Of Rajasthan |
| Statement of responsibility, etc. | G.L. Mathur |
| 260 ## - PUBLICATION, DISTRIBUTION, ETC. (IMPRINT) | |
| Place of publication, distribution, etc. | Jodhpur |
| Date of publication, distribution, etc. | 2002 |
| Name of publisher, distributor, etc. | Books Treasure, |
| 350 ## - PRICE (NR) (BK AM CF MU VM SE) [OBSOLETE] | |
| Price | 75 |
| 650 ## - SUBJECT ADDED ENTRY--TOPICAL TERM | |
| Topical term or geographic name as entry element | Folklore |
| 9 (RLIN) | 5370 |
| 942 ## - ADDED ENTRY ELEMENTS (KOHA) | |
| Call number prefix | 398 |
| Koha item type | Books |
| Source of classification or shelving scheme | |
| Withdrawn status | Lost status | Source of classification or shelving scheme | Damaged status | Not for loan | Home library | Current library | Date acquired | Cost, normal purchase price | Total Checkouts | Full call number | Barcode | Date last seen | Date last checked out | Uniform Resource Identifier | Price effective from | Koha item type |
|---|---|---|---|---|---|---|---|---|---|---|---|---|---|---|---|---|
| MACL | MACL | 15/04/2015 | 75.00 | 1 | 398.095/MAT | CRE014368 | 02/05/2024 | 10/03/2018 | 14820 | 15/04/2015 | Books |









